[Event "Anti Cheating Blitz Cup"]
[Site "Chess.com INT"]
[Date "2020.05.20"]
[Round "3"]
[White "Miano, Gabriele"]
[Black "Deng, Haoyou"]
[Result "0-1"]
[WhiteElo "1613"]
[BlackElo "1672"]
[PlyCount "170"]
[EventDate "2020.05.20"]
[EventType "swiss (blitz)"]
[EventRounds "11"]
[EventCountry "USA"]
[SourceTitle "CBM 196 Extra"]
[Source "ChessBase"]
[SourceDate "2020.07.31"]
[SourceVersion "1"]
[SourceVersionDate "2020.07.31"]
[SourceQuality "1"]

1. e4 d6 2. Nf3 Nf6 3. Nc3 g6 4. d4 Bg7 5. Bg5 0-0 6. Bc4 c6 7. 0-0 Nxe4 8. Nxe4 d5 9. Bxd5 cxd5 10. Nc3 Nc6 11. Re1 Re8 12. Qd2 Qd6 13. Ne5 f6 14. Nxc6 bxc6 15. Bf4 e5 16. Bg3 Qb4 17. b3 Bd7 18. Qd3 exd4 19. Ne2 f5 20. Rac1 Qf8 21. Nxd4 f4 22. Bh4 Rxe1+ 23. Rxe1 Re8 24. Rxe8 Qxe8 25. f3 h6 26. Bf2 g5 27. Nf5 Bxf5 28. Qxf5 Qe2 29. Qd3 Qxd3 30. cxd3 a6 31. Kf1 Kf7 32. Ke2 Ke6 33. d4 Kd6 34. Kd3 Kc7 35. Be1 Kb6 36. a3 Kb5 37. Bb4 Bf6 38. Bc5 a5 39. Bf8 h5 40. Bd6 Bg7 41. Kc3 Bf6 42. Be5 Be7 43. a4+ Kb6 44. Bg7 Bd6 45. Bf6 g4 46. fxg4 hxg4 47. Bg5 f3 48. gxf3 gxf3 49. Be3 Bxh2 50. Bf2 Bf4 51. b4 axb4+ 52. Kxb4 Bd6+ 53. Kc3 Ka5 54. Kb3 Kb6 55. Be1 Bf4 56. Bf2 Bd2 57. Kc2 Bb4 58. Kb3 Bd6 59. Be1 c5 60. a5+ Kb5 61. dxc5 Bxc5 62. Kc3 f2 63. Bxf2 Bxf2 64. a6 d4+ 65. Kd3 Kxa6 66. Kd2 Kb5 67. Kd3 Kc5 68. Ke2 Be3 69. Kd3 Kd5 70. Ke2 Bh6 71. Kd3 Kc5 72. Kc2 Kc4 73. Kd1 Kd3 74. Ke1 Kc2 75. Ke2 d3+ 76. Kf3 d2 77. Ke2 d1Q+ 78. Kf2 Qd2+ 79. Kg1 Qe1+ 80. Kh2 Qf2+ 81. Kh1 Qf6 82. Kg2 Kd2 83. Kg3 Ke2 84. Kg4 Ke3 85. Kh5 Qg5# 0-1